[Event "Brasilia Terraviva op"]
[Site "Brasilia"]
[Date "2016.04.21"]
[Round "1"]
[White "Maciel, Diogo Alves"]
[Black "Delgado Ramirez, Neuris"]
[Result "0-1"]
[WhiteElo "1888"]
[BlackElo "2631"]
[PlyCount "48"]
[EventDate "2016.04.21"]
[EventType "swiss"]
[EventRounds "7"]
[EventCountry "BRA"]
[SourceTitle "CBM 172 Extra"]
[Source "ChessBase"]
[SourceDate "2016.06.21"]
[SourceVersion "1"]
[SourceVersionDate "2016.06.21"]
[SourceQuality "1"]

1. d4 Nf6 2. c4 e6 3. Nf3 b6 4. g3 Ba6 5. b3 b5 6. Bg2 bxc4 7. Ne5 Bb4+ 8. Bd2
cxb3 9. Qxb3 Bxd2+ 10. Nxd2 c6 11. O-O O-O 12. Rfe1 Qa5 13. Ndc4 Qc7 14. Qa3
Bxc4 15. Nxc4 a5 16. Rec1 d5 17. Ne5 Nfd7 18. f4 Nxe5 19. fxe5 Na6 20. Qa4 c5
21. e4 dxe4 22. Bxe4 Rad8 23. dxc5 Qxe5 24. Re1 Qxc5+ 0-1

[Event "Brasilia Terraviva op"]
[Site "Brasilia"]
[Date "2016.04.21"]
[Round "2"]
[White "Delgado Ramirez, Neuris"]
[Black "Garcia, Gabriel Gonzaga"]
[Result "1-0"]
[WhiteElo "2631"]
[BlackElo "2124"]
[PlyCount "81"]
[EventDate "2016.04.21"]
[EventType "swiss"]
[EventRounds "7"]
[EventCountry "BRA"]
[SourceTitle "CBM 172 Extra"]
[Source "ChessBase"]
[SourceDate "2016.06.21"]
[SourceVersion "1"]
[SourceVersionDate "2016.06.21"]
[SourceQuality "1"]

1. d4 Nf6 2. Bg5 d5 3. Nd2 Bf5 4. Bxf6 exf6 5. e3 Bd6 6. c3 Qe7 7. Qf3 Be4 8.
Nxe4 dxe4 9. Qg4 O-O 10. Ne2 g6 11. h4 Qe6 12. Qxe6 fxe6 13. Nf4 Bxf4 14. exf4
Nd7 15. Rh3 f5 16. f3 Nf6 17. fxe4 Nxe4 18. Re3 Kf7 19. Be2 Nf6 20. g3 Rfd8 21.
O-O-O Ne4 22. Bf3 Nxg3 23. Bxb7 Rab8 24. Bf3 Rb5 25. Rg1 Ne4 26. Bxe4 fxe4 27.
Rxe4 Rh5 28. Rh1 Rdd5 29. Kd2 c5 30. c4 Rd6 31. Kc3 a5 32. dxc5 Rxc5 33. Re5
Rdc6 34. b3 Ke7 35. Rhe1 Kd7 36. Kd4 Rxe5 37. fxe5 Ke7 38. a3 Rb6 39. Kc3 h6
40. b4 axb4+ 41. axb4 1-0

[Event "Brasilia Terraviva op"]
[Site "Brasilia"]
[Date "2016.04.22"]
[Round "3"]
[White "De Paula, Rafael Figueiredo"]
[Black "Delgado Ramirez, Neuris"]
[Result "0-1"]
[WhiteElo "2259"]
[BlackElo "2631"]
[PlyCount "74"]
[EventDate "2016.04.21"]
[EventType "swiss"]
[EventRounds "7"]
[EventCountry "BRA"]
[SourceTitle "CBM 172 Extra"]
[Source "ChessBase"]
[SourceDate "2016.06.21"]
[SourceVersion "1"]
[SourceVersionDate "2016.06.21"]
[SourceQuality "1"]

1. c4 b6 2. Nc3 e6 3. d4 Bb4 4. Qc2 Bb7 5. a3 Bxc3+ 6. Qxc3 Nf6 7. Bg5 h6 8.
Bh4 d6 9. e3 Nbd7 10. Qc2 c5 11. Rd1 Qc7 12. Ne2 a6 13. Nc3 cxd4 14. Rxd4 e5
15. Rd2 Rc8 16. Qd1 g5 17. Bg3 Ke7 18. f3 h5 19. e4 h4 20. Bf2 Nh5 21. Rg1 Nf4
22. Be3 Rcg8 23. g3 hxg3 24. hxg3 Nh3 25. Rgg2 g4 26. Rh2 Nf6 27. Qb3 gxf3 28.
Rxh3 Rxh3 29. Bxh3 Bxe4 30. Bxb6 Qc6 31. Bf2 Rh8 32. Bf1 Rh1 33. Qa4 Qxa4 34.
Nxa4 Bf5 35. Nc3 Bh3 36. Bg1 Rxg1 37. Rf2 e4 0-1

[Event "Brasilia Terraviva op"]
[Site "Brasilia"]
[Date "2016.04.23"]
[Round "4"]
[White "Delgado Ramirez, Neuris"]
[Black "Quintiliano Pinto, Renato Rodrigues"]
[Result "0-1"]
[WhiteElo "2631"]
[BlackElo "2420"]
[PlyCount "65"]
[EventDate "2016.04.21"]
[EventType "swiss"]
[EventRounds "7"]
[EventCountry "BRA"]
[SourceTitle "CBM 172 Extra"]
[Source "ChessBase"]
[SourceDate "2016.06.21"]
[SourceVersion "1"]
[SourceVersionDate "2016.06.21"]
[SourceQuality "1"]

1. e4 c5 2. Na3 g6 3. c3 Bg7 4. f4 Nc6 5. Nf3 d5 6. d3 e6 7. e5 Nge7 8. d4 cxd4
9. cxd4 f6 10. Nc2 O-O 11. Be2 Qb6 12. b3 Nf5 13. g4 Nfe7 14. Be3 fxe5 15. dxe5
d4 16. Ncxd4 Nd5 17. Qd2 Nxe3 18. Qxe3 g5 19. O-O-O Rxf4 20. h4 Nxd4 21. Nxd4
Qc5+ 22. Kb1 Bxe5 23. hxg5 Rxd4 24. Bd3 Bd7 25. Bxh7+ Kf8 26. Bd3 Bc6 27. Qf2+
Bf4 28. Rh8+ Kg7 29. Rh7+ Kg8 30. Qh4 Qe5 31. Qh5 Be8 32. g6 Rxd3 33. Rh1 0-1

[Event "Brasilia Terraviva op"]
[Site "Brasilia"]
[Date "2016.04.23"]
[Round "5"]
[White "Delgado Ramirez, Neuris"]
[Black "Proudian, Armen"]
[Result "0-1"]
[WhiteElo "2631"]
[BlackElo "2432"]
[PlyCount "108"]
[EventDate "2016.04.21"]
[EventType "swiss"]
[EventRounds "7"]
[EventCountry "BRA"]
[SourceTitle "CBM 172 Extra"]
[Source "ChessBase"]
[SourceDate "2016.06.21"]
[SourceVersion "1"]
[SourceVersionDate "2016.06.21"]
[SourceQuality "1"]

1. e4 e5 2. Nf3 Nc6 3. Bb5 a6 4. Ba4 Nge7 5. Bb3 d5 6. Nc3 d4 7. Ng5 Be6 8.
Bxe6 fxe6 9. Qf3 dxc3 10. Qf7+ Kd7 11. Qxe6+ Ke8 12. Qf7+ Kd7 13. dxc3 h6 14.
Ne6 Qe8 15. Nc5+ Kd8 16. Qe6 Rb8 17. Bg5 hxg5 18. O-O-O+ Nd5 19. Rxd5+ Bd6 20.
Qf5 Ne7 21. Qxg5 Qg6 22. Rd2 Qxg5 23. Ne6+ Kd7 24. Nxg5 Rbf8 25. h4 Nc6 26. g3
Nd8 27. f4 Ne6 28. Nf3 exf4 29. e5 fxg3 30. Ne1 Rf2 31. exd6 Nf4 32. dxc7+ Kxc7
33. Kd1 Rd8 34. Rxd8 Kxd8 35. h5 g2 36. Nxg2 Nxg2 37. Rh3 Rf6 38. Rg3 Rd6+ 39.
Ke2 Nf4+ 40. Ke3 Nxh5 41. Rg5 g6 42. c4 Ke7 43. b4 Kf6 44. Rg1 g5 45. c5 Rd8
46. Rh1 Kg6 47. a4 Nf6 48. c4 Ng4+ 49. Ke2 Ne5 50. b5 a5 51. c6 bxc6 52. c5 Rd4
53. Rb1 Rxa4 54. bxc6 Re4+ 0-1

[Event "Brasilia Terraviva op"]
[Site "Brasilia"]
[Date "2016.04.24"]
[Round "6"]
[White "Barbosa, Eugenio Seve de Me"]
[Black "Delgado Ramirez, Neuris"]
[Result "0-1"]
[WhiteElo "2032"]
[BlackElo "2631"]
[PlyCount "86"]
[EventDate "2016.04.21"]
[EventType "swiss"]
[EventRounds "7"]
[EventCountry "BRA"]
[SourceTitle "CBM 172 Extra"]
[Source "ChessBase"]
[SourceDate "2016.06.21"]
[SourceVersion "1"]
[SourceVersionDate "2016.06.21"]
[SourceQuality "1"]

1. d4 Nf6 2. Nf3 e6 3. Bf4 b6 4. e3 Bb7 5. Nbd2 h6 6. Bd3 Nh5 7. Bg3 Nxg3 8.
hxg3 d6 9. c3 Be7 10. Qe2 c5 11. O-O O-O 12. Rfe1 Nc6 13. a3 Bf6 14. Rac1 d5
15. Ba6 Bxa6 16. Qxa6 Qd7 17. Qd3 Rfd8 18. Rcd1 Rac8 19. Qe2 Qc7 20. Nb3 a5 21.
dxc5 a4 22. cxb6 Qxb6 23. Nbd4 Na5 24. Rb1 e5 25. Nc2 e4 26. Nfd4 Nc4 27. Nb4
Be5 28. Qg4 Qb7 29. Qd1 Qe7 30. Qh5 Qe8 31. g4 Qd7 32. Qf5 Qd6 33. Qh5 Bf6 34.
Red1 Bg5 35. Nf5 Qe6 36. Nd4 Qf6 37. Qh3 Ne5 38. f4 exf3 39. gxf3 Bxe3+ 40. Kg2
Ng6 41. Qg3 Nf4+ 42. Kf1 Re8 43. Nbc2 Qa6+ 0-1

[Event "Brasilia Terraviva op"]
[Site "Brasilia"]
[Date "2016.04.24"]
[Round "7"]
[White "Delgado Ramirez, Neuris"]
[Black "Carstens Dobuchak, Thiago"]
[Result "1/2-1/2"]
[WhiteElo "2631"]
[BlackElo "2149"]
[PlyCount "130"]
[EventDate "2016.04.21"]
[EventType "swiss"]
[EventRounds "7"]
[EventCountry "BRA"]
[SourceTitle "CBM 172 Extra"]
[Source "ChessBase"]
[SourceDate "2016.06.21"]
[SourceVersion "1"]
[SourceVersionDate "2016.06.21"]
[SourceQuality "1"]

1. e4 c5 2. Nf3 Nc6 3. Bb5 g6 4. c3 Bg7 5. d4 Qa5 6. Bxc6 bxc6 7. O-O cxd4 8.
cxd4 Nf6 9. Nc3 Rb8 10. Qc2 O-O 11. Bf4 Ba6 12. Rfe1 Rb7 13. a3 d6 14. b4 Qc7
15. Rac1 Rc8 16. Nd2 Nd7 17. e5 dxe5 18. Bg3 Qd8 19. dxe5 c5 20. Na4 Rb5 21. e6
cxb4 22. Qa2 Rxc1 23. Rxc1 Nf8 24. exf7+ Kh8 25. axb4 Rxb4 26. Nc5 Rb2 27. Qxa6
Rxd2 28. h4 Rd1+ 29. Rxd1 Qxd1+ 30. Kh2 Qd5 31. Qxa7 Qxf7 32. Ne4 Kg8 33. Ng5
Qe8 34. Qa2+ e6 35. Bd6 h6 36. Ne4 Nd7 37. f3 Qf7 38. Bg3 Qe7 39. Qa7 Qd8 40.
Kh3 Qe8 41. Qa4 Qf7 42. Nd6 Qe7 43. Qe4 Nf8 44. Be5 Bxe5 45. Qxe5 Qg7 46. Qe3
Qe7 47. Nc4 Qg7 48. g4 Qf6 49. Nd2 h5 50. g5 Qf5+ 51. Kg3 Kf7 52. Qa7+ Ke8 53.
Qb8+ Ke7 54. Qb4+ Ke8 55. Nc4 Qd5 56. Nd6+ Kd8 57. Qb8+ Ke7 58. Qe8+ Kxd6 59.
Qxf8+ Kc6 60. Qe8+ Kd6 61. Qxg6 Qe5+ 62. Kh3 Qe2 63. Qe4 Qf1+ 64. Kg3 Qg1+ 65.
Kf4 Qc1+ 1/2-1/2

[Event "Luiz Rego Memorial 4th"]
[Site "Teresina"]
[Date "2016.06.24"]
[Round "1"]
[White "Delgado Ramirez, Neuris"]
[Black "Menezes, Jeferson de Mello"]
[Result "1-0"]
[WhiteElo "2615"]
[BlackElo "1637"]
[PlyCount "29"]
[EventDate "2016.06.24"]
[EventType "swiss"]
[EventRounds "6"]
[EventCountry "BRA"]
[SourceTitle "EXT 2017"]
[Source "ChessBase"]
[SourceDate "2016.10.25"]
[SourceVersion "1"]
[SourceVersionDate "2016.10.25"]
[SourceQuality "1"]

1. e4 c5 2. Nf3 Nc6 3. Bb5 Qc7 4. Nc3 e6 5. O-O a6 6. Bxc6 Qxc6 7. Re1 Nf6 8.
d4 cxd4 9. Nxd4 Qc7 10. e5 Nd5 11. Nxd5 exd5 12. Nf5 Qc6 13. Nd6+ Bxd6 14.
exd6+ Kd8 15. Bf4 1-0

[Event "Luiz Rego Memorial 4th"]
[Site "Teresina"]
[Date "2016.06.24"]
[Round "2"]
[White "Nunes, Fabio Victor Barbos"]
[Black "Delgado Ramirez, Neuris"]
[Result "0-1"]
[WhiteElo "1915"]
[BlackElo "2615"]
[PlyCount "58"]
[EventDate "2016.06.24"]
[EventType "swiss"]
[EventRounds "6"]
[EventCountry "BRA"]
[SourceTitle "EXT 2017"]
[Source "ChessBase"]
[SourceDate "2016.10.25"]
[SourceVersion "1"]
[SourceVersionDate "2016.10.25"]
[SourceQuality "1"]

1. e4 c5 2. Nf3 d6 3. d4 cxd4 4. Nxd4 Nf6 5. Nc3 a6 6. Bg5 e6 7. f4 h6 8. Bh4
Nbd7 9. Qf3 e5 10. Nf5 exf4 11. Bxf6 Nxf6 12. Qxf4 g6 13. Ne3 h5 14. e5 dxe5
15. Qxe5+ Qe7 16. Qxe7+ Bxe7 17. Ncd5 Bd8 18. Bc4 O-O 19. O-O Kg7 20. Rad1 b5
21. Bb3 Nxd5 22. Nxd5 Bg4 23. Rd2 Bg5 24. Rdf2 Rad8 25. Kh1 a5 26. c4 a4 27.
Bc2 bxc4 28. Nb6 Be3 29. Rf6 Be2 0-1

[Event "Luiz Rego Memorial 4th"]
[Site "Teresina"]
[Date "2016.06.25"]
[Round "3"]
[White "Delgado Ramirez, Neuris"]
[Black "Bastos, Werton Alvarenga"]
[Result "1-0"]
[WhiteElo "2615"]
[BlackElo "2079"]
[PlyCount "44"]
[EventDate "2016.06.24"]
[EventType "swiss"]
[EventRounds "6"]
[EventCountry "BRA"]
[SourceTitle "EXT 2017"]
[Source "ChessBase"]
[SourceDate "2016.10.25"]
[SourceVersion "1"]
[SourceVersionDate "2016.10.25"]
[SourceQuality "1"]

1. e4 e6 2. d4 d5 3. Nd2 c5 4. exd5 exd5 5. Ngf3 Nf6 6. Bb5+ Bd7 7. Bxd7+ Nbxd7
8. O-O Be7 9. dxc5 Nxc5 10. Re1 O-O 11. Nf1 Ne6 12. c3 Bc5 13. Be3 Qb6 14. Bxc5
Qxc5 15. Ne3 Rfd8 16. Nf5 Ne4 17. N5d4 Nxd4 18. Nxd4 Rd7 19. Re3 Rad8 20. Qe2
g6 21. Re1 Nd6 22. h4 h5 1-0

[Event "Luiz Rego Memorial 4th"]
[Site "Teresina"]
[Date "2016.06.25"]
[Round "4"]
[White "Lima, Darcy Gustavo Macha"]
[Black "Delgado Ramirez, Neuris"]
[Result "1/2-1/2"]
[WhiteElo "2528"]
[BlackElo "2615"]
[PlyCount "51"]
[EventDate "2016.06.24"]
[EventType "swiss"]
[EventRounds "6"]
[EventCountry "BRA"]
[SourceTitle "EXT 2017"]
[Source "ChessBase"]
[SourceDate "2016.10.25"]
[SourceVersion "1"]
[SourceVersionDate "2016.10.25"]
[SourceQuality "1"]

1. d4 Nf6 2. c4 g6 3. Nc3 Bg7 4. e4 d6 5. f3 O-O 6. Be3 Nc6 7. Nge2 a6 8. Qd2
Na5 9. Ng3 b5 10. cxb5 axb5 11. Rc1 Nc4 12. Bxc4 bxc4 13. Bh6 Bxh6 14. Qxh6 Ra5
15. O-O c6 16. Kh1 Qb6 17. Qd2 e5 18. dxe5 dxe5 19. Rfd1 Be6 20. Rc2 Nd7 21.
Qh6 Nc5 22. Nh5 gxh5 23. Qg5+ Kh8 24. Qf6+ Kg8 25. Qg5+ Kh8 26. Qf6+ 1/2-1/2

[Event "Luiz Rego Memorial 4th"]
[Site "Teresina"]
[Date "2016.06.26"]
[Round "5"]
[White "Delgado Ramirez, Neuris"]
[Black "Damous, Felipe Soares"]
[Result "1/2-1/2"]
[WhiteElo "2615"]
[BlackElo "2114"]
[PlyCount "37"]
[EventDate "2016.06.24"]
[EventType "swiss"]
[EventRounds "6"]
[EventCountry "BRA"]
[SourceTitle "EXT 2017"]
[Source "ChessBase"]
[SourceDate "2016.10.25"]
[SourceVersion "1"]
[SourceVersionDate "2016.10.25"]
[SourceQuality "1"]

1. e4 c6 2. d4 d5 3. e5 Bf5 4. h4 h6 5. g4 Bd7 6. Nc3 e6 7. Be3 c5 8. dxc5 Nc6
9. Nf3 a6 10. Qd2 Qa5 11. O-O-O Bxc5 12. Bxc5 Qxc5 13. Na4 Qb4 14. Qxb4 Nxb4
15. Nb6 Rb8 16. a3 Nc6 17. c4 Nge7 18. Bd3 Nc8 19. Nxd7 1/2-1/2

[Event "Luiz Rego Memorial 4th"]
[Site "Teresina"]
[Date "2016.06.26"]
[Round "6"]
[White "Guimaraes, Marcelo Cunha"]
[Black "Delgado Ramirez, Neuris"]
[Result "0-1"]
[WhiteElo "2227"]
[BlackElo "2615"]
[PlyCount "56"]
[EventDate "2016.06.24"]
[EventType "swiss"]
[EventRounds "6"]
[EventCountry "BRA"]
[SourceTitle "EXT 2017"]
[Source "ChessBase"]
[SourceDate "2016.10.25"]
[SourceVersion "1"]
[SourceVersionDate "2016.10.25"]
[SourceQuality "1"]

1. e4 c5 2. Nf3 d6 3. d4 cxd4 4. Nxd4 Nf6 5. Nc3 a6 6. f3 e5 7. Nb3 Be6 8. Be3
h5 9. Qd2 Nbd7 10. O-O-O Rc8 11. Nd5 Bxd5 12. exd5 Nb6 13. Bxb6 Qxb6 14. Kb1 g6
15. g3 Bh6 16. Qd3 O-O 17. Bh3 Rc7 18. Rhf1 Re8 19. Nd2 Bxd2 20. Rxd2 e4 21.
Qe2 exf3 22. Qxf3 Ne4 23. Rd3 Ng5 24. Qg2 Rce7 25. g4 Re1+ 26. Rd1 R1e2 27. Qg3
Rxc2 28. Kxc2 Re2+ 0-1

[Event "Caioba Copel op"]
[Site "Caioba"]
[Date "2016.08.26"]
[Round "1"]
[White "Da Silva, Joao Carlos Orguim"]
[Black "Delgado Ramirez, Neuris"]
[Result "0-1"]
[WhiteElo "1813"]
[BlackElo "2618"]
[PlyCount "58"]
[EventDate "2016.08.26"]
[EventType "swiss"]
[EventRounds "6"]
[EventCountry "BRA"]
[SourceTitle "CBM 174 Extra"]
[Source "ChessBase"]
[SourceDate "2016.10.10"]
[SourceVersion "1"]
[SourceVersionDate "2016.10.10"]
[SourceQuality "1"]

1. d4 Nf6 2. c4 e6 3. Nc3 Bb4 4. Bd2 O-O 5. e3 b6 6. Be2 Bb7 7. Bf3 d5 8. Nge2
Bd6 9. Nb5 Be7 10. b4 c6 11. Na3 Nbd7 12. c5 a5 13. Rc1 axb4 14. Bxb4 bxc5 15.
dxc5 Ne5 16. O-O Ba6 17. Rc2 Nd3 18. Qd2 e5 19. g3 Qb8 20. Rb1 Qa7 21. Nc1 e4
22. Bg2 Rfb8 23. Rb3 Nd7 24. Nxd3 Bxd3 25. Rcb2 Bf6 26. Bc3 Rxb3 27. Rxb3 Nxc5
28. Bxf6 Nxb3 29. Qb2 Qxa3 0-1

[Event "Caioba Copel op"]
[Site "Caioba"]
[Date "2016.08.26"]
[Round "2"]
[White "Delgado Ramirez, Neuris"]
[Black "Borges, Guilherme Deola"]
[Result "1-0"]
[WhiteElo "2618"]
[BlackElo "2073"]
[PlyCount "57"]
[EventDate "2016.08.26"]
[EventType "swiss"]
[EventRounds "6"]
[EventCountry "BRA"]
[SourceTitle "CBM 174 Extra"]
[Source "ChessBase"]
[SourceDate "2016.10.10"]
[SourceVersion "1"]
[SourceVersionDate "2016.10.10"]
[SourceQuality "1"]

1. e4 c5 2. Nf3 g6 3. d4 cxd4 4. Qxd4 Nf6 5. e5 Nc6 6. Qa4 Nh5 7. Nc3 d6 8. Be3
dxe5 9. Nxe5 Bd7 10. Nxd7 Qxd7 11. Rd1 Qc8 12. Nd5 Nf6 13. c4 Bg7 14. Be2 Nd7
15. Bf4 e5 16. Be3 f5 17. g3 e4 18. b4 Kf7 19. c5 Re8 20. Bc4 Kf8 21. b5 Nce5
22. c6 bxc6 23. bxc6 Qxc6 24. Qb4+ Kf7 25. Nb6+ Re6 26. Bxe6+ Qxe6 27. Nxd7
Nf3+ 28. Kf1 Rd8 29. Ne5+ 1-0

[Event "Caioba Copel op"]
[Site "Caioba"]
[Date "2016.08.27"]
[Round "3"]
[White "De Borba, Guilherme"]
[Black "Delgado Ramirez, Neuris"]
[Result "1/2-1/2"]
[WhiteElo "2151"]
[BlackElo "2618"]
[PlyCount "117"]
[EventDate "2016.08.26"]
[EventType "swiss"]
[EventRounds "6"]
[EventCountry "BRA"]
[SourceTitle "CBM 174 Extra"]
[Source "ChessBase"]
[SourceDate "2016.10.10"]
[SourceVersion "1"]
[SourceVersionDate "2016.10.10"]
[SourceQuality "1"]

1. d4 Nf6 2. c4 e6 3. Nf3 b6 4. Bf4 Bb7 5. e3 h6 6. Nc3 Nh5 7. Bd3 Nxf4 8. exf4
Bd6 9. g3 Bb4 10. O-O Bxc3 11. bxc3 Nc6 12. Qe2 Na5 13. Nd2 O-O 14. Nb3 Nc6 15.
a4 a5 16. c5 Ne7 17. Be4 Nd5 18. Rfc1 Qc8 19. cxb6 cxb6 20. c4 Nf6 21. Bxb7
Qxb7 22. Rab1 Qc6 23. Qa2 Rab8 24. Nd2 Rfc8 25. Rb3 Nd5 26. Rb5 Nb4 27. Qb3 d6
28. Nf1 Rb7 29. Ne3 Qe4 30. Rd1 Qf3 31. Re1 Qe4 32. Rd1 Rcb8 33. h3 Rd8 34. Qc3
Rbb8 35. Re1 Qf3 36. Qd2 Qc6 37. f5 d5 38. f6 dxc4 39. Ng4 e5 40. Nxh6+ Kh7 41.
Nxf7 Rxd4 42. Qg5 Qxf6 43. Qh5+ Kg8 44. Rbxe5 Rf8 45. Re7 g6 46. Nh6+ Kh8 47.
Nf7+ Kg8 48. Nh6+ Kh8 49. Qe2 Nd3 50. Rf1 c3 51. Qe3 Rd5 52. h4 Re5 53. Rxe5
Nxe5 54. f4 Nf7 55. Ng4 Qc6 56. Qd4+ Kh7 57. Nf6+ Kh6 58. Ng4+ Kh7 59. Nf6+
1/2-1/2

[Event "Caioba Copel op"]
[Site "Caioba"]
[Date "2016.08.27"]
[Round "4"]
[White "Delgado Ramirez, Neuris"]
[Black "Moyses Sobrinho, Elias"]
[Result "1-0"]
[WhiteElo "2618"]
[BlackElo "1910"]
[PlyCount "47"]
[EventDate "2016.08.26"]
[EventType "swiss"]
[EventRounds "6"]
[EventCountry "BRA"]
[SourceTitle "CBM 174 Extra"]
[Source "ChessBase"]
[SourceDate "2016.10.10"]
[SourceVersion "1"]
[SourceVersionDate "2016.10.10"]
[SourceQuality "1"]

1. e4 d5 2. exd5 Nf6 3. Bb5+ Bd7 4. Be2 Nxd5 5. d4 Nc6 6. Nf3 e6 7. O-O Be7 8.
c4 Nb6 9. Nc3 Bf6 10. Ne4 h6 11. Be3 O-O 12. Qd2 a5 13. Rad1 a4 14. Rfe1 Na5
15. Qc2 Bc6 16. Nxf6+ Qxf6 17. Ne5 Rfd8 18. f4 Be8 19. Bf3 Nc6 20. a3 Qe7 21.
d5 Nxe5 22. fxe5 Qh4 23. d6 Nxc4 24. Bf2 1-0

[Event "Caioba Copel op"]
[Site "Caioba"]
[Date "2016.08.28"]
[Round "5"]
[White "Rodrigues, Edgar"]
[Black "Delgado Ramirez, Neuris"]
[Result "0-1"]
[WhiteElo "2283"]
[BlackElo "2618"]
[PlyCount "80"]
[EventDate "2016.08.26"]
[EventType "swiss"]
[EventRounds "6"]
[EventCountry "BRA"]
[SourceTitle "CBM 174 Extra"]
[Source "ChessBase"]
[SourceDate "2016.10.10"]
[SourceVersion "1"]
[SourceVersionDate "2016.10.10"]
[SourceQuality "1"]

1. Nc3 c5 2. d4 cxd4 3. Qxd4 Nc6 4. Qh4 g6 5. e4 Bg7 6. Bc4 Nd4 7. Bd3 d6 8.
Nge2 Nxe2 9. Nxe2 Nf6 10. O-O O-O 11. Bg5 Qb6 12. Kh1 Bd7 13. a4 Bc6 14. b3
Rfe8 15. Rae1 Qc5 16. Ng3 Nd7 17. f4 e6 18. Rd1 Qb4 19. Bc4 Nb6 20. Bd3 Nd7 21.
Bc4 a6 22. Be7 Qc3 23. Bxd6 Qxc2 24. Bb4 b5 25. Rd2 Qxd2 26. Bxd2 bxc4 27. bxc4
Rab8 28. Qg5 f5 29. exf5 exf5 30. Nxf5 Bf6 31. Qg3 Re2 32. Bc3 Rxg2 33. Nh6+
Kg7 34. Bxf6+ Nxf6 35. Nf5+ Kh8 36. Qxg2 Bxg2+ 37. Kxg2 gxf5 38. Rd1 Kg7 39.
Rd6 Rb4 40. Rxa6 Rxc4 0-1

[Event "Caioba Copel op"]
[Site "Caioba"]
[Date "2016.08.28"]
[Round "6"]
[White "Delgado Ramirez, Neuris"]
[Black "Supi, Luis Paulo"]
[Result "0-1"]
[WhiteElo "2618"]
[BlackElo "2505"]
[PlyCount "92"]
[EventDate "2016.08.26"]
[EventType "swiss"]
[EventRounds "6"]
[EventCountry "BRA"]
[SourceTitle "CBM 174 Extra"]
[Source "ChessBase"]
[SourceDate "2016.10.10"]
[SourceVersion "1"]
[SourceVersionDate "2016.10.10"]
[SourceQuality "1"]

1. e4 c5 2. Nf3 e6 3. Nc3 a6 4. g3 d6 5. Bg2 Nc6 6. O-O Bd7 7. d3 Be7 8. Nd2 b5
9. f4 Nf6 10. h3 O-O 11. g4 Rc8 12. Ne2 d5 13. g5 Ne8 14. Ng3 dxe4 15. dxe4 Nd6
16. Nf3 b4 17. b3 Nb5 18. Bb2 Nc3 19. Bxc3 bxc3 20. e5 Nb4 21. Ne4 Nd5 22. Qe1
Bb5 23. Qg3 Bxf1 24. Bxf1 Kh8 25. Bxa6 Ra8 26. Bc4 Nb4 27. Nxc3 Nxc2 28. Rd1
Qa5 29. Ne1 Nd4 30. a4 Rad8 31. Rc1 f6 32. exf6 gxf6 33. Ne4 Qc7 34. Qe3 Nf5
35. Qf2 fxg5 36. Nxg5 Bxg5 37. fxg5 Nd4 38. Qh2 Qg7 39. h4 Nf3+ 40. Nxf3 Rxf3
41. Kh1 Qd4 42. Rf1 Rxf1+ 43. Bxf1 Rf8 44. Be2 Rf4 45. Qg3 e5 46. Kg2 Qe4+ 0-1

[Event "Baku ol (Men) 42nd"]
[Site "Baku"]
[Date "2016.09.09"]
[Round "7.1"]
[White "Delgado Ramirez, Neuris"]
[Black "Cordova, Emilio"]
[Result "0-1"]
[WhiteElo "2618"]
[BlackElo "2638"]
[PlyCount "122"]
[EventDate "2016.09.02"]
[EventType "team-swiss"]
[EventRounds "11"]
[EventCountry "AZE"]
[SourceTitle "CBM 175"]
[Source "ChessBase"]
[SourceDate "2016.11.10"]
[SourceVersion "1"]
[SourceVersionDate "2016.11.10"]
[SourceQuality "1"]
[WhiteTeam "Paraguay"]
[BlackTeam "Peru"]
[WhiteTeamCountry "PAR"]
[BlackTeamCountry "PER"]

1. d4 Nf6 2. Nf3 e6 3. Bf4 b6 4. e3 Bb7 5. h3 c5 6. Nbd2 Be7 7. c3 O-O 8. Bd3
cxd4 9. exd4 Re8 10. O-O d6 11. Nc4 Qc7 12. Re1 Nbd7 13. Bh2 Rac8 14. a4 Nf8
15. Na3 a6 16. Qe2 Ra8 17. c4 Ng6 18. a5 bxa5 19. c5 Qd8 20. Rac1 Bd5 21. Rc3
Nh5 22. Be4 Nhf4 23. Qe3 Bxe4 24. Qxe4 Nd5 25. Rc2 Nb4 26. Rc3 dxc5 27. dxc5
Rc8 28. c6 Bd6 29. Bxd6 Qxd6 30. Nd4 Red8 31. Rc4 Ne7 32. Rec1 Ned5 33. Nf3
Nxc6 34. Ng5 Nf6 35. Qe1 Ne7 36. Qxa5 Rb8 37. Nf3 Nfd5 38. Ra4 h6 39. Nc4 Qf4
40. Re1 Nc6 41. Qc5 Ndb4 42. Ne3 Qf6 43. Rb1 Rb5 44. Qc4 Rdb8 45. Ng4 Qd8 46.
Qf4 a5 47. Qg3 Kh7 48. Rc1 R8b7 49. Qf4 f5 50. Nge5 Nxe5 51. Nxe5 Qd6 52. Re1
Nc2 53. Qg3 g5 54. Rh4 Rxe5 55. Rxh6+ Kxh6 56. Rxe5 Rb4 57. Qc3 Rd4 58. f4 gxf4
59. Re2 Rd1+ 60. Kh2 f3+ 61. g3 Rh1+ 0-1

[Event "Baku ol (Men) 42nd"]
[Site "Baku"]
[Date "2016.09.10"]
[Round "8.1"]
[White "Delgado Ramirez, Neuris"]
[Black "Bologan, Viktor"]
[Result "1/2-1/2"]
[WhiteElo "2618"]
[BlackElo "2648"]
[PlyCount "104"]
[EventDate "2016.09.02"]
[EventType "team-swiss"]
[EventRounds "11"]
[EventCountry "AZE"]
[SourceTitle "CBM 175"]
[Source "ChessBase"]
[SourceDate "2016.11.10"]
[SourceVersion "1"]
[SourceVersionDate "2016.11.10"]
[SourceQuality "1"]
[WhiteTeam "Paraguay"]
[BlackTeam "Moldova"]
[WhiteTeamCountry "PAR"]
[BlackTeamCountry "MDA"]

1. e4 c5 2. Nf3 d6 3. Bc4 Nf6 4. d3 Nc6 5. c3 g6 6. Bb3 Bg7 7. O-O O-O 8. Nbd2
e5 9. Nc4 h6 10. Re1 Be6 11. h3 b5 12. Ne3 Rb8 13. a4 b4 14. Bxe6 fxe6 15. Ng4
Nxg4 16. hxg4 d5 17. Bd2 Rb7 18. Rc1 Rd7 19. Qe2 Rdf7 20. Rf1 bxc3 21. bxc3 g5
22. Rb1 Qd6 23. Rb5 d4 24. c4 Ne7 25. Nh2 a6 26. Rb2 Nc6 27. Rb6 Ra8 28. Rfb1
Bf6 29. Nf3 Rfa7 30. Qd1 Bd8 31. Rb7 Rxb7 32. Rxb7 Bc7 33. Rb1 Qd8 34. Nh2 Rb8
35. Nf3 Rxb1 36. Qxb1 Qb8 37. Qxb8+ Bxb8 38. Kf1 Bc7 39. Ne1 Kf7 40. Nc2 Ba5
41. Bxa5 Nxa5 42. Na1 Ke7 43. Ke2 Kd6 44. Kd2 Kc7 45. Kc2 Kb6 46. Nb3 Nc6 47.
Kd2 Nb4 48. a5+ Kc6 49. Nc1 Kd6 50. Kd1 Nc6 51. Nb3 Ne7 52. g3 Nc6 1/2-1/2